000
00238nam a22001097a 4500
008
180802b xxu||||| |||| 00| 0 eng d
082
_a
813.52
245
_a
Mamography
_c
Beauchamp,J
260
_c
2006
300
_a
4
_f
CD
942
_2
ddc
_c
MX
999
_c
46704
_d
46704